000
00201nam a2200085Ia 4500
008
170620s9999 xx 000 0 und d
100
_a
DR. DEEPASHREE
245
0
_a
GENERAL ECONOMICS
260
_b
"NEW DELHI
260
_c
MC GRAW HILL"
999
_c
29643
_d
29643